[Event "URU-ch sf"]
[Site "Montevideo"]
[Date "2020.02.22"]
[Round "3"]
[White "Garcia, Matias"]
[Black "Lopez Falcon, Jorge"]
[Result "0-1"]
[WhiteElo "1810"]
[BlackElo "2119"]
[PlyCount "92"]
[EventDate "2020.02.21"]
[EventType "swiss"]
[EventRounds "8"]
[EventCountry "URU"]
[SourceTitle "CBM 195 Extra"]
[Source "ChessBase"]
[SourceDate "2020.05.31"]
[SourceVersion "1"]
[SourceVersionDate "2020.05.31"]
[SourceQuality "1"]

1. e4 c5 2. Nc3 g6 3. f4 Bg7 4. Nf3 Nc6 5. Bb5 Nd4 6. 0-0 a6 7. Be2 e6 8. e5 d6 9. Ne4 dxe5 10. fxe5 Nxf3+ 11. Bxf3 Qd4+ 12. Kh1 Qxe5 13. d3 Nf6 14. c3 Nxe4 15. Bxe4 Qc7 16. Qe2 0-0 17. Be3 Bd7 18. Qf2 Rac8 19. Rad1 b5 20. d4 cxd4 21. Bxd4 Bxd4 22. Rxd4 e5 23. Rd2 Be6 24. Bd5 Bxd5 25. Rxd5 Rcd8 26. Rfd1 Rxd5 27. Rxd5 Re8 28. h3 Qc4 29. Qc5 Qf1+ 30. Kh2 e4 31. Qc6 Qf4+ 32. Kg1 Qb8 33. Kf2 e3+ 34. Ke2 Re6 35. Qc5 Qg3 36. Rd8+ Kg7 37. Qf8+ Kf6 38. Qh8+ Kg5 39. Rd5+ f5 40. h4+ Kxh4 41. Rd4+ Kg5 42. Qd8+ Kh5 43. Qd7 Qf2+ 44. Kd1 e2+ 45. Kc2 e1Q+ 46. Kb3 Re7 0-1